000
00292nam a22001337a 4500
020
_a
81-7727-048-6
082
_a
1920
_b
KUM/H
100
_a
KUMAR,P
245
_a
FATEST FINGER FIRST
260
_a
DELHI
_b
INDICA PUBLISHERS
300
_a
258
650
_a
GENERAL KNOWLEDGE
_z
INDIA
942
_c
BK
999
_c
2063
_d
2063